Procesamiento de frutas y verduras (Registro nro. 24199)

Detalles MARC
000 -ENCABEZADO
Número de control [NR] 01295nam a2200313Ia 4500
008 - DE LONGITUD FIJA DE DATOS DE ELEMENTOS - INFORMACIÓN GENERAL
Elementos de longitud fija [NR] 130821s1997 ck gs spa
040 ## - FUENTE DE CATALOGACION [NR]
Agencia de catalogación original [NR] Co-BoUCM
Idioma de catalogación [NR] spa
041 00 - CODIGO DE IDIOMA [R]
Código de idioma para texto/pista de sonido o título separado [R] Español
092 ## - SIGNATURA TOPOGRAFICA LOCAL
Número de clasificación local CV 0181
092 ## - SIGNATURA TOPOGRAFICA LOCAL
Número de clasificación local DVD 1161
110 2# - ASIENTO PRINCIPAL--NOMBRE CORPORATIVO [NR]
Nombre corporativo o de jurisdicción como elemento de entrada [NR] Instituto de Seguros Sociales. ISS
245 10 - MENCION DE TITULO [NR]
Título [NR] Procesamiento de frutas y verduras
Mención de responsabilidad, etc. [NR] [videograbación]
-- Instituto de Seguros Sociales. ISS
260 ## - PUBLICACION, DISTRIBUCION, ETC. (PIE DE IMPRENTA) [R]
Lugar de publicación, distribución, etc. [R] Bogotá (Colombia)
Nombre del editor, distribuidor, etc. [R] ISS
Fecha de publicación, distribución, etc. [R] 1997
300 ## - DESCRIPCION FISICA [R]
Extensión [R] 1 videocasete vhs 13 minutos
Material acompañante [NR] 1 DVD
520 ## - NOTA DE RESUMEN, ETC. [R]
Nota de sumario, etc. [NR] Condiciones del procesamiento de frutas y verduras. Desarrollo e implementación de un programa de Salud Ocupacional que garantice seguridad y salud. Procesamiento de frutas y verduras, factores de riesgo. Capacitación para la Seguridad Social y Salud Ocupacional
650 04 - ASIENTO SECUNDARIO DE MATERIA - TERMINO TEMATICO [R]
Término temático o nombre geográfico como elemento de entrada [NR] Accidentes de trabajo
9 (RLIN) 8309
650 04 - ASIENTO SECUNDARIO DE MATERIA - TERMINO TEMATICO [R]
Término temático o nombre geográfico como elemento de entrada [NR] Administración industrial
9 (RLIN) 8602
650 04 - ASIENTO SECUNDARIO DE MATERIA - TERMINO TEMATICO [R]
Término temático o nombre geográfico como elemento de entrada [NR] Enfermedades ocupacionales
9 (RLIN) 14437
650 04 - ASIENTO SECUNDARIO DE MATERIA - TERMINO TEMATICO [R]
Término temático o nombre geográfico como elemento de entrada [NR] Fabricas
9 (RLIN) 15511
650 04 - ASIENTO SECUNDARIO DE MATERIA - TERMINO TEMATICO [R]
Término temático o nombre geográfico como elemento de entrada [NR] Frutas
9 (RLIN) 16149
650 04 - ASIENTO SECUNDARIO DE MATERIA - TERMINO TEMATICO [R]
Término temático o nombre geográfico como elemento de entrada [NR] Salud ocupacional
9 (RLIN) 23954
650 04 - ASIENTO SECUNDARIO DE MATERIA - TERMINO TEMATICO [R]
Término temático o nombre geográfico como elemento de entrada [NR] Salud pública
9 (RLIN) 8073
650 04 - ASIENTO SECUNDARIO DE MATERIA - TERMINO TEMATICO [R]
Término temático o nombre geográfico como elemento de entrada [NR] Saneamiento ambiental
9 (RLIN) 23997
650 04 - ASIENTO SECUNDARIO DE MATERIA - TERMINO TEMATICO [R]
Término temático o nombre geográfico como elemento de entrada [NR] Saneamiento
9 (RLIN) 23996
650 04 - ASIENTO SECUNDARIO DE MATERIA - TERMINO TEMATICO [R]
Término temático o nombre geográfico como elemento de entrada [NR] Seguridad industrial
9 (RLIN) 24101
650 04 - ASIENTO SECUNDARIO DE MATERIA - TERMINO TEMATICO [R]
Término temático o nombre geográfico como elemento de entrada [NR] Verduras
9 (RLIN) 26159
700 2# - ASIENTO SECUNDARIO - NOMBRE PERSONAL [R]
Nombre personal [NR] Asociación Colombiana de Pequeños Industriales. ACOPI
942 ## - ELEMENTOS DE ENTRADA AGREGADOS (KOHA)
Tipo de ítem principal el descrito en 300a Multimedia
Sistema de clasificación LOCAL
Tema principal Ciencias de la salud
Edición 1
Existencias
Fecha de último préstamo Total préstamos Código de barras Última vez visto Volúmen / Fascículo Ejemplar Price effective from Tipo de ítem Perdido Sistema de clasificación Dañado No prestable Tipo de ítem específico Suprimido Ubicación habitual Ubicación actual Localización Fecha de creación Forma de adquisición Costo
17/07/2012   100126110 10/12/2024 DVD 1161 Ej.3 03/02/2013 Multimedia   DEWEY     DVD   Claustro Claustro Colección digital 19/02/2013 Donación 0.00
17/07/2012   100126111 10/12/2024 DVD 1161 Ej.4 03/02/2013 Multimedia   DEWEY     DVD   Claustro Claustro Colección digital 19/02/2013 Donación 0.00
17/07/2012   100126108 09/12/2025 DVD 1161 Ej.1 03/02/2013 Multimedia   LOCAL   Préstamo restringido DVD   Procesos Técnicos Procesos Técnicos (no para préstamo) Procesos Técnicos 19/02/2013 Donación 0.00
17/07/2012   100126109 09/12/2025 DVD 1161 Ej.2 03/02/2013 Multimedia   LOCAL   Préstamo restringido DVD   Procesos Técnicos Procesos Técnicos (no para préstamo) Procesos Técnicos 19/02/2013 Donación 0.00